The Great War in history : debates and controversies, 1914 to the present
Αποθηκεύτηκε σε:
| Κύριος συγγραφέας: | |
|---|---|
| Άλλοι συγγραφείς: | |
| Μορφή: | Βιβλίο |
| Γλώσσα: | English |
| Δημοσίευση: |
Cambridge :
Cambridge University Press,
2005
|
| Σειρά: | Studies in the social and cultural history of modern warfare ;
; 21 |
| Θέματα: | |
| Ετικέτες: |
Προσθήκη ετικέτας
Δεν υπάρχουν, Καταχωρήστε ετικέτα πρώτοι!
|
MARC
| LEADER | 00000nam a2200000 i 4500 | ||
|---|---|---|---|
| 001 | 1/95033 | ||
| 008 | 081008s2005 eng d | ||
| 020 | |a 978-0-521-61633-1 (pbk.) | ||
| 020 | |a 0-521-61633-6 (pbk.) | ||
| 020 | |a 978-0-521-85083-4 (hbk.) | ||
| 020 | |a 0-521-85083-5 (hbk.) | ||
| 035 | |l 10100691 | ||
| 040 | |a GR-MY-UA |b gre |e aacr | ||
| 041 | 0 | |a eng | |
| 082 | 0 | |a 940.309 |2 (22) | |
| 100 | 1 | |a Winter, J. M. | |
| 245 | 1 | 4 | |a The Great War in history : |b debates and controversies, 1914 to the present / |c Jay Winter and Antoine Prost |
| 260 | |a Cambridge : |b Cambridge University Press, |c 2005 | ||
| 300 | |a viii, 250 σ.; |b εικ.; |c 24 εκ. | ||
| 490 | 1 | |a Studies in the social and cultural history of modern warfare |v ; 21 | |
| 504 | |a Βιβλιογραφία: σ. 214-240 | ||
| 504 | |a Ευρετήριο: σ. 241-250 | ||
| 650 | 0 | 0 | |a World War, 1914-1918 |x Historiography. |
| 700 | 1 | |a Prost, Antoine |d 1933- | |
| 830 | 0 | |a Studies in the social and cultural history of modern warfare ; |v ; 21 | |
| 852 | |a INST |b LESVOS |e 20081008 |h 940.309 WIN |p 005100043217 |q 005100043217 |t BK |y 0 | ||
| 852 | |a INST |b LESVOS |e 20090211 |h 940.309 WIN |p 005100043904 |q 005100043904 |t BK |y 0 | ||
| 901 | |a BIBL1-2008-3 | ||
| 901 | |a BIBL1-2008-1 | ||
| 909 | |a Λ |b 152092 | ||
| 909 | |a Λ |b 154194 | ||
| 922 | |a 1ΕΛΗ |b 200803 |c ΕΠΕΑΕΚ2/ΤΚΑ |d ΕΛΕΥΘΕΡΟΥΔΑΚΗΣ | ||
| 922 | |a 1ΕΛΗ |b 200809 |c ΕΠΕΑΕΚ2/ΤΚΑ |d ΜΙΧΑΛΟΠΟΥΛΟΣ | ||
| 970 | |a ΚΑΡΑ |b ΓΙΑΣΕΜΗ |z 2008/10/08 | ||